000 02033nam0a2200349 4500
001 RU\NLR\bibl\1090165
005 20250615052418.0
010 _a5-467-00103-5
_9400
021 _aRU
_b2007-26429
_91406
035 _a(NLR Aleph) 001077305
090 _a1036343
_c1036342
100 _a20070523d2006 |||y0rusy50 ca
101 0 _arus
102 _aRU
105 _aa |||||||||
200 1 _aПсихология негативных зависимостей
_eучебное пособие для студентов высших учебных заведений, обучающихся по направлению и специальностям психологии
_fК.С. Лисецкий, Е.В. Литягина
_gФедер. агентство по образованию, Гос. образоват. учреждение высш. проф. образования "Самар. гос. ун-т", Психол. фак., Каф. общ. психологии и психологии развития
210 _aСамара
_cУниверс групп
_d2006
215 _a250 с.
_cил.
_d21
320 _aБиблиогр.: с. 234-247 (179 назв.)
606 1 _aОтклоняющееся поведение
_jУчебные издания для высших учебных заведений
_xПсихологические исследования
_91815540
_3RU\NLR\auth\66819498
606 1 _aНаркомания
_jУчебные издания для высших учебных заведений
_xСоциально-психологические исследования
_91735383
_3RU\NLR\auth\66776025
686 _aЮ936.2-81я73
686 _aС550.0я73
686 _aЮ967я73
700 1 _aЛисецкий
_bК. С.
_gКонстантин Сергеевич
_4070
701 1 _aЛитягина
_bЕ. В.
_gЕлена Викторовна
_4070
801 0 _aRU
_bNLR
_c20070523
_gRCR
801 1 _aRU
_bNLR
_c20070523
830 _aавт7 по кн.
942 _cBOOK
980 _aNB